000 00519nam a2200181Ia 4500
005 20250508150214.0
008 008 250505s9999 xx 000 0 eng d
037 _aTextual
040 _aFEDL
_beng
_cFEDL
041 _aeng
_2eng
084 _a362.7, WIL
_qFEDL
100 _aWilkins Evelyn
_9756008
245 0 _aIntroduction to social science for health visitors
260 _aLondon, UK
_bEdward Arnold and Co.
_c1932
300 _a128p
942 _cTEXL
_h362.7, WIL
999 _c1322378
_d1322378